Revolution in world missions / (Record no. 5120)

MARC details
000 -LEADER
fixed length control field 00842nam a2200265Ia 4500
001 - CONTROL NUMBER
control field 60345736
003 - CONTROL NUMBER IDENTIFIER
control field OCoLC
005 - DATE AND TIME OF LATEST TRANSACTION
control field 20181221100526.0
008 - FIXED-LENGTH DATA ELEMENTS--GENERAL INFORMATION
fixed length control field 050511s2004 txuac b 000 0 eng d
020 ## - INTERNATIONAL STANDARD BOOK NUMBER
International Standard Book Number 1595890017
020 ## - INTERNATIONAL STANDARD BOOK NUMBER
International Standard Book Number 9781595890016
040 ## - CATALOGING SOURCE
Original cataloging agency IAG
Transcribing agency IAG
Modifying agency BAKER
-- BTCTA
050 #4 - LIBRARY OF CONGRESS CALL NUMBER
Classification number BV2061
Item number .Y64 2004x
082 ## - DEWEY DECIMAL CLASSIFICATION NUMBER
Classification number 266
Item number Y54R
100 1# - MAIN ENTRY--PERSONAL NAME
Personal name Yohannan, K. P.
245 10 - TITLE STATEMENT
Title Revolution in world missions /
Statement of responsibility, etc. K.P. Yohannan ; [foreword by David and Karen Mains].
250 ## - EDITION STATEMENT
Edition statement Rev.
260 ## - PUBLICATION, DISTRIBUTION, ETC.
Place of publication, distribution, etc. Carrollton, TX :
Name of publisher, distributor, etc. GFA Books,
Date of publication, distribution, etc. c2004.
300 ## - PHYSICAL DESCRIPTION
Extent 232 p. :
Other physical details ill., ports. ;
Dimensions 22 cm.
500 ## - GENERAL NOTE
General note Previously published as: The coming revolution in world missions.
504 ## - BIBLIOGRAPHY, ETC. NOTE
Bibliography, etc. note Includes bibliographical references.
650 #0 - SUBJECT ADDED ENTRY--TOPICAL TERM
Topical term or geographic name entry element Missions.
700 12 - ADDED ENTRY--PERSONAL NAME
Personal name Yohannan, K. P.
Title of a work Coming revolution in world missions.
942 ## - ADDED ENTRY ELEMENTS (KOHA)
Source of classification or shelving scheme Dewey Decimal Classification
Koha item type Books
Holdings
Withdrawn status Lost status Source of classification or shelving scheme Damaged status Not for loan Collection code Home library Current library Shelving location Date acquired Cost, normal purchase price Total Checkouts Full call number Barcode Date last seen Price effective from Koha item type
    Dewey Decimal Classification     Non-fiction Harvest Mission College Harvest Mission College General Stacks 21.12.2018 460.00   266 Y54R 005859 21.12.2018 21.12.2018 Books

OPAC Designed and Maintained by HMC Library Team.
Copyright © HMC Library,Greater Noida, UP.
For any Suggestions/Query Contact library via Email:libhmc@gmail.com